Lenders have fears (Record no. 75464)
[ view plain ]
| 000 -LEADER | |
|---|---|
| fixed length control field | 01444cab a2200193 4500 |
| 001 - CONTROL NUMBER | |
| control field | L130132 |
| 008 - FIXED-LENGTH DATA ELEMENTS--GENERAL INFORMATION | |
| fixed length control field | 050627n2005 000 0 eng u |
| 035 ## - SYSTEM CONTROL NUMBER | |
| System control number | (Sirsi) u130132 |
| 041 ## - LANGUAGE CODE | |
| Language code of text/sound track or separate title | eng |
| 100 ## - MAIN ENTRY--PERSONAL NAME | |
| Personal name | Danskin, David |
| 245 ## - TITLE STATEMENT | |
| Title | Lenders have fears |
| 260 ## - PUBLICATION, DISTRIBUTION, ETC. | |
| Date of publication, distribution, etc. | 2005 |
| 490 ## - SERIES STATEMENT | |
| Series statement | Estates Gazette |
| Volume/sequential designation | (0524) 18 June 2005, 170-172(3) |
| 520 ## - SUMMARY, ETC. | |
| Summary, etc. | Considers how developers have reacted to the arrival of commonhold. A recent survey conducted by Fennemores that collected responses from almost 80 commercial and residential developers, revealed that developers are cautious about promoting commonhold schemes, that very little activity has taken place yet, and little is known about commonhold particularly among the smaller players. Examines in detail the survey responses relating to the respondents' awareness of commonhold, current commonhold activity, the perceived drawbacks of this type of tenure and the future of commonhold. Concludes that many developers are ignorant of the commonhold regime and that it will require a number of entrepreneurial companies to sell freehold flats as an attractive proposition to get the market going. Table covers the survey statistics. Summarises residential lenders' attitudes to commonhold and a case study by Sarah Jackman of the Australian strata title experience is appended. |
| 590 ## - LOCAL NOTE (RLIN) | |
| Local note | IKA040705 |
| 690 ## - LOCAL SUBJECT ADDED ENTRY--TOPICAL TERM (OCLC, RLIN) | |
| Topical term or geographic name as entry element | PROPERTY-COMMONHOLD PROPERTY |
| 700 ## - ADDED ENTRY--PERSONAL NAME | |
| Personal name | Jackman |
| -- | Sarah. |
| 942 ## - ADDED ENTRY ELEMENTS (KOHA) | |
| Suppress in OPAC | 0 |
| Withdrawn status | Lost status | Source of classification or shelving scheme | Damaged status | Not for loan | Home library | Current library | Shelving location | Date acquired | Total Checkouts | Full call number | Barcode | Date last seen | Copy number | Price effective from | Koha item type |
|---|---|---|---|---|---|---|---|---|---|---|---|---|---|---|---|
| Dewey Decimal Classification | London | London | Journal article | 27/06/2005 | L130132 | 130132-1001 | 06/08/2019 | 1 | 06/08/2019 | Journal article |